[Event "Prague Golden Rapid op"]
[Site "Prague"]
[Date "2023.06.17"]
[Round "9"]
[White "Cejka, Jan"]
[Black "Tochacek, Michal"]
[Result "0-1"]
[WhiteElo "1364"]
[BlackElo "1896"]
[PlyCount "52"]
[EventDate "2023.06.17"]
[EventType "swiss (rapid)"]
[EventRounds "9"]
[EventCountry "CZE"]
[SourceTitle "CBM 215 Extra"]
[Source "ChessBase"]
[SourceDate "2023.09.30"]
[SourceVersion "1"]
[SourceVersionDate "2023.09.30"]
[SourceQuality "1"]

1. e4 c5 2. d4 cxd4 3. c3 d3 4. Bxd3 Nc6 5. c4 d6 6. Nc3 g6 7. Nge2 Bg7 8. 0-0 a6 9. Be3 Ne5 10. f4 Ng4 11. Bf2 Nxf2 12. Rxf2 Bg4 13. Qa4+ Qd7 14. Qxd7+ Kxd7 15. Rb1 e6 16. e5 Bxe2 17. Bxe2 dxe5 18. fxe5 Nh6 19. Na4 Kc7 20. Rd1 Rhd8 21. g4 Rxd1+ 22. Bxd1 Bxe5 23. Rf1 Rd8 24. b3 b5 25. cxb5 axb5 26. Nc5 Bd4+ 0-1

[Event "Prague Golden Rapid op"]
[Site "Prague"]
[Date "2023.06.17"]
[Round "4"]
[White "Muron, Miroslav"]
[Black "Cejka, Jan"]
[Result "1-0"]
[WhiteElo "2100"]
[BlackElo "1364"]
[PlyCount "79"]
[EventDate "2023.06.17"]
[EventType "swiss (rapid)"]
[EventRounds "9"]
[EventCountry "CZE"]
[SourceTitle "CBM 215 Extra"]
[Source "ChessBase"]
[SourceDate "2023.09.30"]
[SourceVersion "1"]
[SourceVersionDate "2023.09.30"]
[SourceQuality "1"]

1. e4 c5 2. Nc3 a6 3. g3 Nf6 4. Bg2 e5 5. a4 Be7 6. d3 0-0 7. Nh3 d6 8. 0-0 Nc6 9. f4 Bg4 10. Qe1 Nd4 11. Rf2 b5 12. axb5 axb5 13. Rxa8 Qxa8 14. Ng5 b4 15. h3 bxc3 16. bxc3 Nb5 17. hxg4 Nxg4 18. Rf1 Bxg5 19. fxg5 Qa2 20. Qd1 Nxc3 21. Qxg4 Qxc2 22. Kh2 Qxd3 23. Qf3 Qc4 24. Rf2 Nxe4 25. Qxe4 Qxc1 26. Qd5 Qxg5 27. Qxd6 Rd8 28. Qc7 Qh5+ 29. Bh3 Rf8 30. Qxc5 g5 31. Qxe5 f6 32. Qd5+ Kh8 33. Kg2 Qe8 34. Be6 Qe7 35. Qf5 Qb7+ 36. Bd5 Qe7 37. Be4 Qg7 38. Rd2 Qf7 39. Rd7 Qa2+ 40. Kh3 1-0

[Event "Pardubice rapid op 33rd"]
[Site "Pardubice"]
[Date "2022.07.20"]
[Round "1"]
[White "Sarkar, Justin"]
[Black "Cejka, Jan"]
[Result "1-0"]
[WhiteElo "2346"]
[BlackElo "1731"]
[PlyCount "57"]
[EventDate "2022.07.20"]
[EventType "swiss (rapid)"]
[EventRounds "9"]
[EventCountry "CZE"]
[SourceTitle "CBM 209 Extra"]
[Source "ChessBase"]
[SourceDate "2022.09.30"]
[SourceVersion "1"]
[SourceVersionDate "2022.09.30"]
[SourceQuality "1"]

1. d4 Nf6 2. c4 e6 3. Nf3 b6 4. g3 Bb7 5. Bg2 c5 6. 0-0 cxd4 7. Qxd4 Nc6 8. Qf4 Be7 9. Nc3 0-0 10. e4 d6 11. Rd1 a6 12. b3 Qc7 13. Bb2 Rfd8 14. Rac1 Rac8 15. Nd5 exd5 16. cxd5 Qd7 17. dxc6 Bxc6 18. Nd4 Bb7 19. Rxc8 Rxc8 20. Nf5 Rc2 21. Nxe7+ Qxe7 22. Qxd6 Kf8 23. Bxf6 gxf6 24. Qxb6 Rxa2 25. e5 Bxg2 26. exf6 Qe8 27. Qc5+ Kg8 28. Qg5+ Kh8 29. Qg7# 1-0